| 000 | 00938nam a2200241Ia 4500 | ||
|---|---|---|---|
| 003 | GCL | ||
| 008 | 140319s9999 xx 000 0 ara d | ||
| 040 |
_aGCL / _cGCL |
||
| 082 | 0 | 4 |
_a910.133531 _bر ح |
| 100 | 1 | _aريزفان، يفيم | |
| 245 | 1 | 0 |
_aالحج قبل مئة سنة: الرحلة السرية للضابط الروسى عبدالعزيز دولتشين الى مكة المكرمة 1898 - 1899 / _cريزفان، يفيم |
| 300 | _a351 ص | ||
| 490 |
_aالهيئة العامة للاستعلامات _v0 |
||
| 650 | 0 | 4 | _aالحج |
| 650 | 0 | 4 | _aالتأريخ |
| 650 | 0 | 4 | _aالسعودية - وصف ورحلات |
| 650 | 0 | 4 | _aالحج - دخول مكة |
| 650 | 0 | 4 | _aالسعودية - قصص وحكايات |
| 650 | 0 | 4 | _aالتدوين التاريخى |
| 650 | 0 | 4 | _aالسعودية - الاحوال الاقتصادية |
| 650 | 0 | 4 | _aالسعودية - الحدود السياسية |
| 942 |
_2ddc _cBK |
||
| 999 |
_c47944 _d47944 |
||